000 00457nam a2200181Ia 4500
005 20260429111842.0
008 260429s9999||||xx |||||||||||||| ||und||
020 _a9789394883154
041 _aEnglish
082 _a540
_bAHL
100 _aAhluwalia, V. K.
245 0 _aEngineering chemistry /
_cV. K. Ahluwalia
250 _a1st ed.
260 _aNew Delhi :
_bAne Books,
_c2025.
300 _axiii, 416 p.; hb
650 _aChemistry
942 _cTB
999 _c51144
_d51144